The toymaker's apprentice / (Record no. 5917)

MARC details
000 -LEADER
fixed length control field 01349cam a2200361 i 4500
001 - CONTROL NUMBER
control field 5917
003 - CONTROL NUMBER IDENTIFIER
control field FISKH
005 - DATE AND TIME OF LATEST TRANSACTION
control field 20260206122323.0
008 - FIXED-LENGTH DATA ELEMENTS--GENERAL INFORMATION
fixed length control field 150115s2015 nyua c 000 1 eng
010 ## - LIBRARY OF CONGRESS CONTROL NUMBER
LC control number 2014045980
020 ## - INTERNATIONAL STANDARD BOOK NUMBER
International Standard Book Number 9780399252952 (hardback)
020 ## - INTERNATIONAL STANDARD BOOK NUMBER
International Standard Book Number 9781338135381
040 ## - CATALOGING SOURCE
Original cataloging agency DLC
Language of cataloging eng
Transcribing agency DLC
Description conventions rda
Modifying agency DLC
042 ## - AUTHENTICATION CODE
Authentication code pcc
-- lcac
050 ## - LIBRARY OF CONGRESS CALL NUMBER
Classification number PZ8.S4132 T
082 ## - DEWEY DECIMAL CLASSIFICATION NUMBER
Classification number 813.6
084 ## - OTHER CLASSIFICATION NUMBER
Classification number JUV001000
-- JUV012040
-- JUV037000
Number source bisacsh
100 1# - MAIN ENTRY--PERSONAL NAME
Personal name Smith, Sherri L
Dates associated with a name (1971-)
245 14 - TITLE STATEMENT
Title The toymaker's apprentice /
Statement of responsibility, etc. Sherri L. Smith ; illustrations by Sarah Watts.
250 ## - EDITION STATEMENT
Edition statement First printing in 2016
260 ## - PUBLICATION, DISTRIBUTION, ETC.
Place of publication, distribution, etc. New York :
Name of publisher, distributor, etc. Scholastic,
Date of publication, distribution, etc. 2015.
300 ## - PHYSICAL DESCRIPTION
Extent 392 pages :
Other physical details illustrations ;
Dimensions 20 cm
505 ## - FORMATTED CONTENTS NOTE
Formatted contents note R<br/>
520 ## - SUMMARY, ETC.
Summary, etc. Journeyman toymaker Stefan Drosselmeyer is recruited by his mysterious cousin, Christian, to find a mythical nut that will save Boldavia's princess and his own kidnapped father from a fanatical Mouse Queen and her seven-headed Mouse Prince, who have sworn to destroy the Drosselmeyer family.
521 8# - TARGET AUDIENCE NOTE
Target audience note 710<br/>
Source Lexile<br/>
521 8# - TARGET AUDIENCE NOTE
Target audience note R<br/>
Source Raz-Plus<br/>
650 #1 - SUBJECT ADDED ENTRY--TOPICAL TERM
Topical term or geographic name entry element Fairy tales.
Source of heading or term Toy making
650 #1 - SUBJECT ADDED ENTRY--TOPICAL TERM
Topical term or geographic name entry element Adventure and adventurers
Form subdivision Fiction.
700 1# - ADDED ENTRY--PERSONAL NAME
Personal name Watts, Sarah
Relator term illustrator.
906 ## - LOCAL DATA ELEMENT F, LDF (RLIN)
a 7
b cbc
c orignew
d 1
e ecip
f 20
g y-gencatlg
942 ## - ADDED ENTRY ELEMENTS (KOHA)
Source of classification or shelving scheme Dewey Decimal Classification
Koha item type Books
Suppress in OPAC No
Holdings
Withdrawn status Lost status Source of classification or shelving scheme Damaged status Not for loan Collection Home library Current library Shelving location Date acquired Total Checkouts Full call number Barcode Date last seen Date last checked out Copy number Price effective from Koha item type
    Dewey Decimal Classification     Juvenile Fiction Footprints International School Library Network Toul Tom Poung Campus Footprints International School Library Network Toul Tom Poung Campus TTP Primary Orange Bookshelves 02/06/2025 1 SMI 813.6 PZ8.S4132 T 2025-0428 02/06/2026 01/23/2026 1 02/06/2025 Books